| 000 | 01069cam a2200325 a 4500 | ||
|---|---|---|---|
| 003 | CHAP | ||
| 005 | 20220817043559.0 | ||
| 008 | 990903d mx r 00110 spa d | ||
| 010 | _a78980 | ||
| 011 | _a79952 | ||
| 035 | _a90385 | ||
| 040 | _cCHAP | ||
| 082 | 0 | 4 |
_a378.1 _bU38 |
| 110 | 2 | _aUACH | |
| 245 | 1 | 0 |
_aInforme de actividades de los Departamentos de Enseñanza, Investigación y Servicio (DEIS) _c/por UACH |
| 260 |
_aChapingo, Méx. : _bUACH., _c19 -19 . |
||
| 300 | _av. | ||
| 500 | _aLa biblioteca tiene : 1991-1994 | ||
| 590 |
_aBATCH-UPD _b10 _c20130110 _lUCH01 _h1619 |
||
| 590 |
_aBATCH-UPD _b10 _c20130410 _lUCH01 _h1013 |
||
| 590 |
_aBATCH-UPD _b10 _c20130914 _lUCH01 _h2056 |
||
| 590 |
_aCONVERSION _b10 _c20130109 _lUCH01 _h1344 |
||
| 650 | 1 | 4 |
_aUACH _xAdministración. _9115801 |
| 650 | 1 | 4 |
_aUniversidades _xAdministración. _9116596 |
| 650 | 1 | 4 |
_aUniversidades _xInvestigación _zMéxico (Edo.). _9116651 |
| 901 | _aBK | ||
| 905 | _aAlejandra Carrasco M. | ||
| 942 | _cLIBRO | ||
| 949 |
_a378.1 U38 _bBC _cUACH _d903851 _eUACH _f1991-94 _h96245 _i90385 _sb |
||
| 999 |
_c78980 _d78980 |
||